Fluid power technology /

This book is about: Basic hydraulic concepts; Hydraulic fluids; Hydraulic pumps; Hydraulic motors; ...

সংরক্ষণ করুন:
গ্রন্থ-পঞ্জীর বিবরন
প্রধান লেখক: Norvelle, F. Don.
বিন্যাস: গ্রন্থ
ভাষা:English
প্রকাশিত: Minneapolis/St. Paul : West, 1995.
বিষয়গুলি:
ট্যাগগুলো: ট্যাগ যুক্ত করুন
কোনো ট্যাগ নেই, প্রথমজন হিসাবে ট্যাগ করুন!
Thư viện lưu trữ: Mạng thư viện Đại học Đà Nẵng
LEADER 01168cam a2200349 i 4500
001 000049142
003 8872
005 20180117083925.0
008 010324b1995 vm 000 eng
020 |a 0314012184 
040 |a LRCC  |c LRCC  |d LRCC 
041 0 |a eng 
082 1 4 |a 620.106  |b NO-F 
100 1 |a Norvelle, F. Don. 
245 0 0 |a Fluid power technology /  |c F. Don Norvelle. 
260 |a Minneapolis/St. Paul :  |b West,  |c 1995. 
300 |a 649 p.;  |c 25.5cm. 
520 3 |a This book is about: Basic hydraulic concepts; Hydraulic fluids; Hydraulic pumps; Hydraulic motors; ... 
630 0 4 |a Fluid power technology. 
650 0 4 |a Fluid power technology. 
OWN |a DUT 
AVA |a UDN50  |b DUT  |c Book  |d 620.106 NO-F  |e available  |t Error 5001 Not defined in file expand_doc_bib_avail.  |f 1  |g 0  |h N  |i 0  |j SH  |k 1 
999 |a From the UDN01 
AVA |a UDN50  |b DUT  |c Book  |d 620.106 NO-F  |e available  |t Error 5001 Not defined in file expand_doc_bib_avail.  |f 1  |g 0  |h N  |i 0  |j SH  |k 1 
TYP |a Monograph 
TYP |a Printed language 
980 |a Mạng thư viện Đại học Đà Nẵng